Windows Server 2003

Gespeichert in:
Bibliographische Detailangaben
1. Verfasser: Osif, Michal (Verfasst von)
Format: Buch
Sprache:Tschechisch
Veröffentlicht: Praha : Grada, 2003
Tags: Tag hinzufügen
Keine Tags, Fügen Sie das erste Tag hinzu!

MARC

LEADER 00000nam a22000003a 4500
001 stu96047
005 20150617225813.3
008 051013s2003----xr------------------cze-d
020 |a 80-247-0395-5 
040 |a STU  |b slo 
041 0 |a cze 
044 |a xr 
080 |a 004.25 
100 1 |a Osif, Michal  |4 aut 
245 1 |a Windows Server 2003 
260 |a Praha :  |b Grada,  |c 2003 
300 |a 623 s.;schémy 
996 |c V*48906/O-21540  |l VV23  |s P  |a 0  |w stu96047_0001